| 000 | 00664cam a2200229 4500500 | ||
|---|---|---|---|
| 005 | 20260329005606.0 | ||
| 041 | _afre | ||
| 042 | _adc | ||
| 100 | 1 | 0 |
_aEnjalbert, Cédric _eauthor |
| 245 | 0 | 0 | _aMiquel Barceló : l’eau, la grotte et les rêves |
| 260 | _c2024. | ||
| 500 | _a71 | ||
| 690 | _aArt | ||
| 690 | _aEsthétique | ||
| 690 | _aGrotte Chauvet | ||
| 690 | _aJardin | ||
| 690 | _aMonstre | ||
| 690 | _aPréhistoire | ||
| 690 | _aSculpture | ||
| 786 | 0 | _nPhilosophie magazine | 178 | 4 | 2024-04-01 | p. 60-60 | 1951-1787 | |
| 856 | 4 | 1 | _uhttps://shs.cairn.info/magazine-philosophie-magazine-2024-4-page-60?lang=fr&redirect-ssocas=7080 |
| 999 |
_c1844817 _d1844817 |
||